Applications of soil physics /
Guardado en:
| Autor Principal: | |
|---|---|
| Formato: | Libro |
| Idioma: | English |
| Publicado: |
New York :
Academic Press,
1980.
|
| Etiquetas: |
Agregar Etiqueta
Sin Etiquetas, Sea el primero en etiquetar este registro!
|
| LEADER | 00490nam a22001575a 4500 | ||
|---|---|---|---|
| 001 | EEA.libagro003621 | ||
| 005 | 20190523122438.0 | ||
| 008 | 130809s1980####nyua#####b####000#0#eng#d | ||
| 020 | |a 0123485800 | ||
| 082 | 0 | 4 | |a 631.43 |
| 100 | 1 | |a Hillel, Daniel. | |
| 245 | 1 | 0 | |a Applications of soil physics / |c Daniel Hillel. |
| 260 | |a New York : |b Academic Press, |c 1980. | ||
| 300 | |a xiv, 385 p. : |b il. ; |c 23 cm. | ||
| 504 | |a Bibliografía: p. 357-376. | ||
| 859 | |a AR-BbBCA |b BIB. AGRONOMIA |h 631.43 |i H651-1 |p 1987/0858 | ||
